000 00651nam a22002297a 4500
003 UA-OsUOA
001 126992
007 ta
008 20171114b un ||||| |||| 00| 0 ukr d
090 _a821.161.2
_bП47
942 _cBK
040 _aUA-OsUOA
_bukr
_cUA-OsUOA
_dUA-OsUOA
245 _aПозадесятники-2
_bпоетична антологія
_cО. Гордон
300 _a88 с.
955 _a3
041 _aukr
080 _a821.161.2
020 _a966-7646-12-2
260 _aЛьвів
_bПрестиж Інформ
_c2000
650 7 _a82 Література. Літературознавство
_2UDC
999 _c414157
_d414157